Sports Quiz

Random Sports or Nation Quiz
Score 0/99 Timer 08:00
2 Plays Today
Final Player % Correct
2005Steven Gerrard
92.6%
2007Steven Gerrard
92.6%
2018Mohamed Salah
87.3%
2019Mohamed Salah
87.3%
2018Sadio Mane
86.6%
2019Sadio Mane
86.6%
1984Ian Rush
84.3%
1985Ian Rush
84.3%
2005Jerzy Dudek
84.1%
2005Xabi Alonso
83.9%
2007Xabi Alonso
83.9%
2018Roberto Firmino
82.9%
2019Roberto Firmino
82.9%
1978Kenny Dalglish
82.9%
1981Kenny Dalglish
82.9%
1984Kenny Dalglish
82.9%
1985Kenny Dalglish
82.9%
2005Jamie Carragher
82.6%
2007Jamie Carragher
82.6%
2018Andy Robertson
82%
2019Andy Robertson
82%
2018Jordan Henderson
81.9%
2019Jordan Henderson
81.9%
2018Trent Alexander-Arnold
81%
2019Trent Alexander-Arnold
81%
2018Virgil van Dijk
75.7%
2019Virgil van Dijk
75.7%
2005Harry Kewell
75.2%
2005John Arne Riise
73.6%
2007John Arne Riise
73.6%
2007Pepe Reina
73.1%
2019Alisson
72.9%
2005Steve Finnan
72.5%
Final Player % Correct
2007Steve Finnan
72.5%
2019Joel Matip
71.6%
2005Sami Hyypia
71.1%
2007Dirk Kuyt
70.8%
2018Loris Karius
70.4%
2005Milan Baros
70.4%
1978Graeme Souness
69.1%
1981Graeme Souness
69.1%
1984Graeme Souness
69.1%
1978Alan Hansen
69%
1981Alan Hansen
69%
1984Alan Hansen
69%
1985Alan Hansen
69%
2018James Milner
68.3%
2018Dejan Lovren
67.7%
2018Gini Wijnaldum
67.7%
2019Gini Wijnaldum
67.7%
2019Fabinho
66.2%
1977Ray Clemence
65.8%
1978Ray Clemence
65.8%
1981Ray Clemence
65.8%
2005Luis Garcia
65.1%
1977Kevin Keegan
64%
2005Djimi Traore
60.4%
1981Alan Kennedy
58.7%
1984Alan Kennedy
58.7%
1977Phil Neal
58.7%
1978Phil Neal
58.7%
1981Phil Neal
58.7%
1984Phil Neal
58.7%
1985Phil Neal
58.7%
1977Ray Kennedy
58.6%
1978Ray Kennedy
58.6%
Final Player % Correct
1981Ray Kennedy
58.6%
2007Daniel Agger
58.1%
1984Bruce Grobbelaar
54.2%
1985Bruce Grobbelaar
54.2%
1978Phil Thompson
53.7%
1981Phil Thompson
53.7%
1977Emlyn Hughes
53.6%
1978Emlyn Hughes
53.6%
2007Javier Mascherano
53.2%
1984Mark Lawrenson
46.2%
1985Mark Lawrenson
46.2%
1977Tommy Smith
45.8%
1984Ronnie Whelan
42.5%
1985Ronnie Whelan
42.5%
1977Terry McDermott
41.2%
1978Terry McDermott
41.2%
1981Terry McDermott
41.2%
1977Steve Heighway
40.3%
1977Joey Jones
38%
1984Craig Johnston
36.6%
1981David Johnson
35.3%
1985Steve Nicol
33.3%
1981Sammy Lee
33.2%
1984Sammy Lee
33.2%
2007Jermaine Pennant
33.2%
1977Ian Callaghan
31.8%
2007Boudewijn Zenden
31.6%
1977Jimmy Case
30.8%
1978Jimmy Case
30.8%
1978David Fairclough
26.6%
1985Jim Beglin
21.8%
1985John Wark
15.8%
1985Paul Walsh
12.8%
Come Together.
Have Fun.
All Virtual.
We all need to come together. Play Sporcle's virtual live trivia to have fun, connect with people, and get your trivia on. Join a live hosted trivia game for your favorite pub trivia experience done virtually. If a virtual private party is more your thing, go here for details.

You're not logged in!

Compare scores with friends on all Sporcle quizzes.
OR
Log In

Sporcle TV

Today on Sporcle TV


Watch our educational content, quiz creation guides, and fun videos on Sporcle TV.

Show Comments

Extras

Top Quizzes Today


Score Distribution

Paid Content

Your Account Isn't Verified!

In order to create a playlist on Sporcle, you need to verify the email address you used during registration. Go to your Sporcle Settings to finish the process.

Report this User

Report this user for behavior that violates our Community Guidelines.

Details: